| 000 | 00668cam a2200217 4500 | ||
|---|---|---|---|
| 001 | WB3628-03 | ||
| 008 | 000000n2000 000 0 eng u | ||
| 035 | _a(Sirsi) u107216 | ||
| 245 | _aRise in Crown Estate profits | ||
| 260 | _c2000 | ||
| 490 |
_aHerald _v14 July 2000, 2(1) |
||
| 520 | _aCrown Estate announces profits of £132.9m for the financial year ending 31 March 2000. The Scottish sector of the estate contributed an increase of 17.9%. | ||
| 590 | _aWB | ||
| 650 | _aCROWN ESTATE | ||
| 650 | _aRESULTS | ||
| 650 | _aPROPERTY PORTFOLIOS | ||
| 650 | _aPERFORMANCE | ||
| 650 | _aSCOTLAND | ||
| 690 | _aPROPERTY-COMMERCIAL PROPERTY | ||
| 942 | _n0 | ||
| 999 |
_c64099 _d64099 |
||